Harry Potter: l'Astronomie - Statistiques

Statistiques générales
  • Ce quiz a été pris 61 fois
  • Le résultat moyen est 4 sur 6
Statistiques - réponses
Information Réponses % Correct
Ecole dans laquelle elle est enseignée Poudlard
98%
Dernière apparition Harry Potter et les Reliques de la Mort
70%
Salle de cours Tour d'astronomie
70%
Première apparition Harry Potter à l'école des sorciers
69%
Professeur Aurora Sinistra
65%
Ecole dans laquelle elle est enseignée Uagadou
11%
Aucun quiz correspondant
Distribution des résultats
% des personnes avec chaque résultat
Percentile par nombre de réponses
Votre historique - résultats
Vous n’avez pas pris ce quiz